书目信息 |
| 题名: |
资产管理实务、方法与理论概论
|
|
| 作者: | 段国圣 著 | |
| 分册: | ||
| 出版信息: | 北京 社会科学文献出版社·经济与管理分社 2018 |
|
| 页数: | 276页 | |
| 开本: | 24cm | |
| 丛书名: | ||
| 单 册: | ||
| 中图分类: | F20 | |
| 科图分类: | ||
| 主题词: | 资产管理--zi chan guan li | |
| 电子资源: | ||
| ISBN: | 978-7-5201-3104-9 | |
| 000 | 01225nam0 2200253 450 | |
| 001 | 2160500618 | |
| 005 | 20210926145256.0 | |
| 010 | @a978-7-5201-3104-9@dCNY98.00 | |
| 100 | @a20181129d2018 em y0chiy50 ea | |
| 101 | 0 | @achi |
| 102 | @aCN@b110000 | |
| 105 | @ay z 000yy | |
| 106 | @ar | |
| 200 | 1 | @a资产管理实务、方法与理论概论@Azi chan guan li shi wu fang fa yu li lun gai lun@e概论@f段国圣著 |
| 210 | @a北京@c社会科学文献出版社·经济与管理分社@d2018 | |
| 215 | @a276页@d24cm | |
| 314 | @a段国圣,男,泰康资产管理有限责任公司首席执行官,武汉大学兼职教授。工学博士。 | |
| 330 | @a本书系统的梳理了资产管理的内涵和外延,先从市场、行业、公司和业务四大方面分析了资产管理业的主要特征,重点剖析了全球资产管理市场的产品、区域、客户格局,讨论了资产管理业的盈利模式和竞争格局,围资产管理业的供需双方来分析主要参与机构,研究了全球领先资产管理机构的发展经验。其后结合投资实践重点围绕寿险资金和企业年金的投资管理展开论述,从投资目标识别到资产配置、组合管理和标准化运营,最后一部分讲述我们十多年来的一些较为成熟的做法。 | |
| 517 | 1 | @a概论@Agai lun |
| 606 | 0 | @a资产管理@Azi chan guan li |
| 690 | @aF20@v5 | |
| 701 | 0 | @a段国圣@Aduan guo sheng@4著 |
| 801 | 0 | @aCN@b百万庄@c20210926 |
| 905 | @b1300399-0402@dF20@e103@f4 | |
| 资产管理实务、方法与理论概论:概论/段国圣著.-北京:社会科学文献出版社·经济与管理分社,2018 |
| 276页;24cm |
| ISBN 978-7-5201-3104-9:CNY98.00 |
| 本书系统的梳理了资产管理的内涵和外延,先从市场、行业、公司和业务四大方面分析了资产管理业的主要特征,重点剖析了全球资产管理市场的产品、区域、客户格局,讨论了资产管理业的盈利模式和竞争格局,围资产管理业的供需双方来分析主要参与机构,研究了全球领先资产管理机构的发展经验。其后结合投资实践重点围绕寿险资金和企业年金的投资管理展开论述,从投资目标识别到资产配置、组合管理和标准化运营,最后一部分讲述我们十多年来的一些较为成熟的做法。 |
| ● |
| 相关链接 |
|
|
|
|
正题名:资产管理实务、方法与理论概论
索取号:F20/103
 
预约/预借
| 序号 | 登录号 | 条形码 | 馆藏地/架位号 | 状态 | 备注 |
| 1 | 1300399 | 213003998 | 第一样本阅览室/ [索取号:F20/103] | 在馆 | |
| 2 | 1300400 | 213004005 | 第一借阅区/ [索取号:F20/103] | 在馆 | |
| 3 | 1300401 | 213004014 | 第一借阅区/ [索取号:F20/103] | 在馆 | |
| 4 | 1300402 | 213004023 | 第一借阅区/ [索取号:F20/103] | 在馆 |